Computers in Communication (Record no. 196652)
[ view plain ]
| 000 -LEADER | |
|---|---|
| fixed length control field | 00680 a2200145 4500 |
| 003 - CONTROL NUMBER IDENTIFIER | |
| control field | Nust |
| 005 - DATE AND TIME OF LATEST TRANSACTION | |
| control field | 20170207154318.0 |
| 040 ## - CATALOGING SOURCE | |
| Transcribing agency | Nust |
| 082 ## - DEWEY DECIMAL CLASSIFICATION NUMBER | |
| Classification number | 004.68 |
| 100 ## - MAIN ENTRY--PERSONAL NAME | |
| Personal name | Brebner,Gordon |
| 245 ## - TITLE STATEMENT | |
| Title | Computers in Communication |
| Remainder of title | Communication |
| Statement of responsibility, etc. | Gordon Brebner |
| 260 ## - PUBLICATION, DISTRIBUTION, ETC. | |
| Place of publication, distribution, etc. | New York |
| Name of publisher, distributor, etc. | McGraw Hill |
| Date of publication, distribution, etc. | 2002 |
| 300 ## - PHYSICAL DESCRIPTION | |
| Extent | 488 p; |
| 505 ## - FORMATTED CONTENTS NOTE | |
| Formatted contents note | Introduction (Page-1) Information (Page-35) Time (Page-80) Time Packages (page-110 ) Space (Page-138 ) Message Broadcasting Networks (Page-168 ) Message Switching Networks (Page-222) Inter-networks (Page- 267) Case Study 1: Accessing the World Wide Web (page-311) Case Study 2: Controlling a manufacturing device (Page-359) Standardization (pag-411) |
| 942 ## - ADDED ENTRY ELEMENTS (KOHA) | |
| Source of classification or shelving scheme | |
| Koha item type | Book |
| Withdrawn status | Lost status | Source of classification or shelving scheme | Damaged status | Not for loan | Collection code | Permanent Location | Current Location | Date acquired | Total Checkouts | Full call number | Barcode | Date last seen | Price effective from | Koha item type |
|---|---|---|---|---|---|---|---|---|---|---|---|---|---|---|
| Military College of Signals (MCS) | Military College of Signals (MCS) | 12/12/2016 | 004.68 BRE | MCSEB-3005 | 12/08/2016 | 12/12/2016 | Book |
